Gli ordinamenti giudiziari di Roma imperiale: princeps e procedure dalle leggi Giulie ad Adriano. Atti del convegno internazionale di diritto romano e del III premio romanistico G. Boulvert

Guardat en:
Dades bibliogràfiques
Autor principal: Milazzo, Francesco (autor)
Format: Llibre
Idioma:italià
Publicat: Nápoles Edizioni Scientifiche Italiane 1999
Edició:1a. ed
Col·lecció:Pubblicazioni della Facolta di Giurisprudenza di Catanzaro, 40
Matèries:
Etiquetes: Afegir etiqueta
Sense etiquetes, Sigues el primer a etiquetar aquest registre!

MARC

LEADER 00000cam a2200000 a 4500
001 UCE5656
003 CL-VaPUC
005 20220111140901.0
008 150305e19990000it 1 ita d
020 |a 8881146835 
082 0 4 |a 340.54  |b MIL  |2 21 
100 |a Milazzo, Francesco  |e autor  |9 38 
245 1 4 |a Gli ordinamenti giudiziari di Roma imperiale: princeps e procedure dalle leggi Giulie ad Adriano. Atti del convegno internazionale di diritto romano e del III premio romanistico G. Boulvert 
250 |a 1a. ed 
260 |a Nápoles  |b Edizioni Scientifiche Italiane  |c 1999 
300 |a 517 p 
490 0 |a Pubblicazioni della Facolta di Giurisprudenza di Catanzaro, 40 
583 |a last modification  |c 20190524 10:24:15  |k Rodrigo Vera 
650 0 0 |a Derecho romano  |9 255930 
650 0 7 |a HISTORIA DEL DERECHO ITALIANO  |2 CL-VaPUC  |9 622113 
650 0 7 |a LEGISLACION  |2 CL-VaPUC  |9 622114 
650 0 0 |a Escritos  |9 255895 
942 |c BK 
945 |a dcastane  |d 20150305 12:52:00 
546 |a En Italiano 
536 |a Università Degli Studi di Catanzaro Magna Graecia, 40 
518 |p Convegno internazionale di diritto romano e del III premio romanistico G. Boulvert, Copanello, 5-8 giugno 1996 
999 |c 384793  |d 384791 
952 |0 0  |1 0  |3 erb  |4 0  |6 340_540000000000000_MIL_1999  |7 0  |8 DER_ROM  |9 507762  |a BIBDER  |b BIBDER  |i 5136679  |o 340.54 MIL 1999  |p 5136679  |r 2023-01-25  |w 2020-01-23  |x Ubicación 4to piso  |y BK  |z Este recurso debe solicitarse con anticipación  |k DER